Musicians #3 - Statistics

General Stats
  • This quiz has been taken 21 times
  • The average score is 6 of 10
Answer Stats
Picture Answer % Correct
Harry Styles
100%
Beyoncé
95%
Shakira
85%
The Weeknd
80%
PSY
55%
Lizzo
50%
Camila Cabello
45%
Charlie Puth
35%
GAYLE
5%
Leah Kate
5%
No matching quizzes found
Score Distribution
Percent of People with Each Score
Percentile by Number Answered
Your Score History
You have not taken this quiz